[Event "Montevideo Duchamp Cup 1st"]
[Site "Montevideo"]
[Date "2017.02.13"]
[Round "7"]
[White "Monlezun, Gabriel"]
[Black "Casas, Nicolas"]
[Result "1-0"]
[WhiteElo "1997"]
[BlackElo "1817"]
[PlyCount "73"]
[EventDate "2017.02.09"]
[EventType "swiss"]
[EventRounds "9"]
[EventCountry "URU"]
[SourceTitle "CBM 176 Extra"]
[Source "ChessBase"]
[SourceDate "2017.03.02"]
[SourceVersion "1"]
[SourceVersionDate "2017.03.02"]
[SourceQuality "1"]

1. c4 Nf6 2. g3 g6 3. Bg2 Bg7 4. Nc3 0-0 5. Nf3 c5 6. 0-0 Nc6 7. a3 d6 8. Rb1 Bf5 9. d3 Qd7 10. Re1 Nd4 11. Nxd4 cxd4 12. Nd5 Nxd5 13. Bxd5 Rab8 14. b4 e5 15. b5 Be6 16. Bg2 f5 17. f4 Rfc8 18. e4 dxe3 19. Bxe3 d5 20. fxe5 dxc4 21. d4 Bd5 22. Qc2 Bxg2 23. Qxg2 c3 24. Rec1 Rc4 25. Qa2 Qd5 26. Rxc3 Rxd4 27. Qxd5+ Rxd5 28. Bxa7 Ra8 29. Rc5 Rxe5 30. Rxe5 Bxe5 31. Bc5 Rc8 32. Bf2 f4 33. gxf4 Bxf4 34. Rd1 Rc1 35. Rxc1 Bxc1 36. a4 Bd2 37. Bb6 1-0